logo

Bir Sreshtho Munshi Abdur Rouf Library
Jhenaidah Cadet College

A treasury of great reporting; (Record no. 7983)

MARC details
000 -LEADER
fixed length control field 00921nam a2200289 a 4500
001 - CONTROL NUMBER
JCCL Control Number 7983
003 - CONTROL NUMBER IDENTIFIER
JCCL marc code BD-JhCC
005 - DATE AND TIME OF LATEST TRANSACTION
control field 20180217110655.0
008 - FIXED-LENGTH DATA ELEMENTS--GENERAL INFORMATION
fixed length control field 180217s1962 nyu 001 0 eng d
035 ## - SYSTEM CONTROL NUMBER
system control number (BD-JhCC)7983
040 ## - CATALOGING SOURCE
Original cataloging agency BD-JhCC
Transcribing agency IEN
Modifying agency BD-JhCC
-- DLC
041 ## - LANGUAGE CODE
Language code of Book eng
050 00 - LIBRARY OF CONGRESS CALL NUMBER
Classification number PN4726
Item number .S6 1962
082 00 - DEWEY DECIMAL CLASSIFICATION NUMBER
Classification number 808.8
Author mark and Year SNY 1962
100 1# - MAIN ENTRY--PERSONAL NAME
Personal name Snyder, Louis L.
Fuller form of name (Louis Leo),
Dates associated with a name 1907-1993,
245 12 - TITLE STATEMENT
Title A treasury of great reporting;
Remainder of title "literature under pressure" from the sixteenth century to our own time.
Statement of responsibility, etc Edited by Louis L. Snyder and Richard B. Morris.
250 ## - EDITION STATEMENT
Edition statement 2d ed., rev. and enl.
260 ## - PUBLICATION, DISTRIBUTION, ETC. (IMPRINT)
Place of publication, distribution, etc New York,
Name of publisher, distributor, etc Simon and Schuster
Date of publication, distribution, etc [c1962]
300 ## - PHYSICAL DESCRIPTION
Pagination 795 p.
Dimensions 21 cm.
500 ## - GENERAL NOTE
General note An Essandess paperback.
504 ## - BIBLIOGRAPHY, ETC. NOTE
Bibliography, etc Includes Index
650 #0 - SUBJECT ADDED ENTRY--TOPICAL TERM
Topical term or geographic name as entry element Reporters and reporting.
700 1# - ADDED ENTRY--PERSONAL NAME
Personal name Morris, Richard Brandon,
Dates associated with a name 1904-
942 ## - ADDED ENTRY ELEMENTS (KOHA)
Source of classification or shelving scheme Dewey Decimal Classification
Koha item type Books
Holdings
Source of classification or shelving scheme Damaged status Not for loan Home library Current library Shelving location Date of accession Total Checkouts Full call number Barcode Date last seen Copy number Koha item type
Dewey Decimal Classification     JCC Rouf Library JCC Rouf Library General Stacks 02/17/2018   808.8 SNY 1962 9620 02/17/2018 C-1 Books

JCC Library | Contacts | JCC Home

Last Update on 23 September 2017
Copyright @ 2017-2020 JCC Rouf Library
Rouf Library, Jhenidah Cadet College (JCC), Bangladesh